00844nam a22002177a 4500003000900000005001700009008003200026020001800058040002200076082001700098100002600115245005700141260006200198300002700260942001200287945002800299952011900327952012500446956004000571999001500611DO-SdBNP20180221101227.0151209b 2003 pn a 00| 0 spa d a9789962629153 aBPMSUbspacBPMSU 4axxxxxbxxxxx1 aAlvarado, Patricia V.1 aGuillermo gusano se enamora /cPatricia V. Alvarado aPanamá :bPiggy press,c2003.g(1a reimpresión 2007). a32 p. :bil. ;c14 cm. 2ddccBK aInventariado, 2018 / BT 00102ddc40708CI-GaBPMETbBPMETd2015-12-09eABINIAl0oxxxxx xxxxxpBPMSU15120113r2015-12-09w2015-12-09yBK 00102ddc40708CI-GaBPMETbBPMETd2015-12-09eABINIAl0oxxxxx xxxxxpBPMSU15120114r2015-12-09te. 2w2015-12-09yBK aBTAVAREZb10d20150912fBPMSUh0038 c9076d9076